00365nam a2200121Ia 45000010005000000080041000050820020000461000061000662450055001272600018001829010028002009990015002283861241024s9999 xx 000 0 und d aRD/370.44/R426o aRepública Dominicana. Ministerio de Educación MINERD 0aOrganización del tiempo y recursos pedagógicos bSanto Domingo a17/11/2014 3:44:41 p.m. c9252d9252